Serpentor Quiz Stats

 Plays Quiz not verified by Sporcle

Also try: Superhero Surnames
Challenge
Share
Tweet
Embed
Score 0/10 Timer 04:00
0 Plays Today
Tyrants % Correct
Alexander the Great
70.4%
Napoleon Bonaparte
68.8%
Genghis Khan
68.8%
Julius Caesar
56.7%
Vlad the Impaler
48.7%
Ivan the Terrible
48.5%
Attila the Hun
42.1%
Hannibal Barca
37.6%
Grigori Rasputin
32.4%
Philip II of Macedon
14.7%

You're not logged in!

Compare scores with friends on all Sporcle quizzes.
Join for Free
OR
Log In

You Might Also Like...

Show Comments

Extras

Top Quizzes Today


Score Distribution

Your Account Isn't Verified!

In order to create a playlist on Sporcle, you need to verify the email address you used during registration. Go to your Sporcle Settings to finish the process.

Report this User

Report this user for behavior that violates our Community Guidelines.

Details: